| 000 | 00437nam a22001817a 4500 | ||
|---|---|---|---|
| 003 | OSt | ||
| 008 | 250421b |||||||| |||| 00| 0 eng d | ||
| 020 | _a9789365892765 | ||
| 082 | _a004.678 AGC | ||
| 100 | _aAGARWAL,Rohit | ||
| 245 | _aCloud Computing for Everyone | ||
| 250 | _a1st Ed | ||
| 260 |
_aNew Delhi _bBPB _c2025 |
||
| 300 | _a285 | ||
| 650 | _aCloud Computing for Everyone | ||
| 700 | _aPRASAD,Dilip K | ||
| 942 |
_2ddc _cBK |
||
| 999 |
_c13371 _d13371 |
||